000 00721nam a22001937a 4500
005 20180420140819.0
010 _aB-691487-488
020 _c1100.00
_a9789382209058
035 _aB-691487-488
037 _bR.K.Books
082 _a330.954
100 _aSharma, T. C.
245 _aEconomic geography of India /
_cby T C Sharma
260 _aDelhi
_bRawat Publications
_c2017
270 _a23, Ansari Road, Darya Gnaj,
_bNew Delhi
_e110002
300 _axv, 742 pages : maps
_c 25 cm(Hb)
942 _2ddc
_cEN
_mSHA
_h330.954
999 _c151627
_d151627